Seznam odborných zahraničných a čsl.čas.objednaných a dochadzejících do UVTEI-STK v Prahe v roce 1987 a obj.na rok 1988. Odborných čas.z kapitalistických státu obj.pre organizace resortu SKVTRI na rok 1988 I.díl /

Salvato in:
Dettagli Bibliografici
Autore principale: Hronská, Ingrid (Autore)
Natura: Libro
Pubblicazione: Praha : UVTEI, 1988
Tags: Aggiungi Tag
Nessun Tag, puoi essere il primo ad aggiungerne!!

MARC

LEADER 00000nam a22000003a 4500
001 stu14907
005 20150617225801.0
008 ------s1988----cs----------------------d
040 |a STU  |b slo 
041 0
044 |a cs 
080 |a 017/019  |7 stu_us_auth*stu5662 
100 1 |a Hronská, Ingrid  |4 aut 
245 1 |a Seznam odborných zahraničných a čsl.čas.objednaných a dochadzejících do UVTEI-STK v Prahe v roce 1987 a obj.na rok 1988. Odborných čas.z kapitalistických státu obj.pre organizace resortu SKVTRI na rok 1988 I.díl /  |c [aut.]Hronská,Ingrid 
260 |a Praha :  |b UVTEI,  |c 1988 
300 |a 232 s 
996 |b CB731  |c C*B731  |l CCI  |s A  |a 24  |w stu14907_0001